00275 a2200121 4500001000700000020000600007040001100013100002800024240004200052245003700094362000900131440001300140176584 a  cMagnum aPereira, Eduardo Carlos10aNo tempo da escravidao no brasillpor10aNo tempo da escravidao no brasil0 a1899 1aScipione